=LDR 00000nam 2200000 4500 =001 INLIS000000000001593 =005 20130612090008 =008 ***********************************Ind** =035 ##$$0010-061300000001593 =041 ##$$a Ind =082 ##$$a 363.47 =090 ##$$a 363.47, Qau-a =100 ##$$a AL-QAUD, Helmi Muhammad =245 ##$$a Artis penjaja seks, Helmi Muhammad Al-Qaud;Penerjemah, Amir Hamzah Fachrudin =260 ##$$a 2000 $b Jakarta =300 ##$$a 203 hlm, 7 cm =650 ##$$a Seks dalam gambar hidup =700 ##$$a FAKHRUDIN, Amir Hamzah =850 ##$$a NBPNMAT